[Event "Frankfurt-chA"]
[Site "Frankfurt"]
[Date "2016.05.02"]
[Round "2"]
[White "Ackermann, Robert"]
[Black "Calvi, Stefan"]
[Result "0-1"]
[WhiteElo "1658"]
[BlackElo "1974"]
[PlyCount "78"]
[EventDate "2016.04.25"]
[EventType "swiss"]
[EventRounds "9"]
[EventCountry "GER"]
[SourceTitle "EXT 2018"]
[Source "ChessBase"]
[SourceDate "2017.10.13"]
[SourceVersion "1"]
[SourceVersionDate "2017.10.13"]
[SourceQuality "1"]

1. d4 Nf6 2. c4 g6 3. Nc3 Bg7 4. e4 d6 5. Nf3 0-0 6. Be2 e5 7. 0-0 Na6 8. Bg5 Qe8 9. dxe5 dxe5 10. a3 h6 11. Be3 Qe7 12. Qc2 c6 13. Rac1 Ng4 14. Bd2 f5 15. h3 Nf6 16. exf5 gxf5 17. b4 Nh7 18. Na4 e4 19. Ne1 Kh8 20. b5 Nc7 21. Bb4 Qg5 22. Bxf8 Nxf8 23. Rd1 Nce6 24. Kh1 Nd4 25. Rxd4 Bxd4 26. Qd1 Ne6 27. Nc2 Be5 28. Ne3 f4 29. Ng4 Bd4 30. c5 Bd7 31. Bc4 Rd8 32. Qe2 cxb5 33. Bxe6 Bxe6 34. Qxe4 Bxg4 35. hxg4 bxa4 36. Qf3 Bxc5 37. Re1 Qf6 38. g3 Qc6 39. Re4 fxg3 0-1

[Event "Rhein Main op-B 17th"]
[Site "Bad Homburg"]
[Date "2014.06.22"]
[Round "7"]
[White "Lopez, Victor"]
[Black "Ackermann, Robert"]
[Result "1/2-1/2"]
[WhiteElo "1677"]
[BlackElo "1582"]
[PlyCount "140"]
[EventDate "2014.06.18"]
[EventType "swiss"]
[EventRounds "9"]
[EventCountry "GER"]
[SourceTitle "CBM 161 Extra"]
[Source "ChessBase"]
[SourceDate "2014.08.29"]
[SourceVersion "1"]
[SourceVersionDate "2014.08.29"]
[SourceQuality "1"]

1. e4 d6 2. d4 Nf6 3. Nc3 g6 4. f3 Bg7 5. Be3 0-0 6. Bc4 Nbd7 7. Nge2 c6 8. a4 e5 9. a5 exd4 10. Nxd4 Ne5 11. Bb3 h6 12. Qd2 Kh7 13. 0-0-0 Qe7 14. g4 c5 15. Ndb5 Nxf3 16. Qxd6 Qxd6 17. Nxd6 Bxg4 18. Rdf1 Nd4 19. Bxf7 Bh5 20. h3 Nd7 21. Bd5 Ne5 22. Bxd4 cxd4 23. Ncb5 Be2 24. Rxf8 Bxf8 25. Nxd4 Bxd6 26. Nxe2 Rb8 27. Nf4 a6 28. Nd3 b6 29. Nxe5 Bxe5 30. axb6 Rxb6 31. b3 a5 32. Rf1 Rf6 33. Rh1 Kg7 34. Kd1 g5 35. Ke2 h5 36. Rg1 Kh6 37. c4 Bd4 38. Rg2 Rb6 39. Kd3 Be5 40. c5 Rf6 41. Ke3 Rf4 42. Be6 Kg6 43. Kd3 Kf6 44. Bf5 Rf3+ 45. Kc4 Rc3+ 46. Kb5 Rxb3+ 47. Kxa5 Bc3+ 48. Ka6 Bd4 49. Rc2 Be5 50. c6 Bc7 51. Rc5 Rb4 52. Rb5 Rxb5 53. Kxb5 Ke7 54. Kc5 Kf6 55. Kb5 Ke7 56. Ka6 Kd8 57. Kb7 Be5 58. Kb6 Bd6 59. Kb5 Ke7 60. Kc4 Kf6 61. Kb5 Bc7 62. Ka6 Ke7 63. Kb7 Kd8 64. Bg6 h4 65. Bf5 Be5 66. Kb6 Bd6 67. Bd7 Be5 68. Kc5 Ke7 69. Bf5 Bc7 70. Kd5 Kf6 1/2-1/2

[Event "Rhein Main op-B 17th"]
[Site "Bad Homburg"]
[Date "2014.06.21"]
[Round "6"]
[White "Ackermann, Robert"]
[Black "Zerhusen, Martin"]
[Result "1/2-1/2"]
[WhiteElo "1582"]
[BlackElo "1790"]
[PlyCount "128"]
[EventDate "2014.06.18"]
[EventType "swiss"]
[EventRounds "9"]
[EventCountry "GER"]
[SourceTitle "CBM 161 Extra"]
[Source "ChessBase"]
[SourceDate "2014.08.29"]
[SourceVersion "1"]
[SourceVersionDate "2014.08.29"]
[SourceQuality "1"]

1. d4 d5 2. Nf3 Nf6 3. c4 c6 4. e3 e6 5. Nc3 Be7 6. Bd3 0-0 7. 0-0 c5 8. Qc2 cxd4 9. exd4 dxc4 10. Bxc4 Nc6 11. Rd1 a6 12. a3 Qc7 13. Ba2 Rd8 14. Bg5 Nd5 15. Bb1 g6 16. Bxe7 Qxe7 17. Qd2 Qf6 18. Qh6 Qg7 19. Qg5 Qf8 20. Ba2 Nce7 21. Nxd5 Nxd5 22. Rac1 b5 23. Bxd5 Rxd5 24. Qe3 Qd8 25. Ne5 Bd7 26. Qf4 Be8 27. Ng4 Kg7 28. Ne5 Rc8 29. Rxc8 Qxc8 30. h3 Qd8 31. Rd2 Qf6 32. Qe3 Qf5 33. Ng4 g5 34. Qe1 Rd8 35. Qe3 f6 36. Qc3 Qd5 37. Ne3 Qd6 38. g3 Bc6 39. Qd3 Bd5 40. Qe2 Bb7 41. d5 Kg8 42. Qh5 Bxd5 43. Ng4 Qf8 44. h4 Qg7 45. hxg5 Qxg5 46. Nh6+ Kg7 47. Qxg5+ fxg5 48. Ng4 Rc8 49. f4 gxf4 50. gxf4 Kg6 51. Ne3 Rc1+ 52. Kf2 Bc4 53. Kf3 Kf6 54. Rh2 Kg7 55. Rg2+ Kf7 56. Rh2 Bd3 57. Rd2 Bc4 58. Rh2 Kg7 59. Rg2+ Kh8 60. Rh2 a5 61. Rd2 a4 62. Rd8+ Kg7 63. Rb8 Bd3 64. Rb7+ Kg8 1/2-1/2

[Event "Luxembourg-chT 1314"]
[Site "Luxembourg"]
[Date "2013.10.05"]
[Round "1"]
[White "Wealer, Claude"]
[Black "Ackermann, Robert"]
[Result "0-1"]
[WhiteElo "1712"]
[BlackElo "2041"]
[PlyCount "32"]
[EventDate "2013.10.05"]
[EventType "team-tourn"]
[EventRounds "10"]
[EventCountry "LUX"]
[SourceTitle "EXT 2017"]
[Source "ChessBase"]
[SourceDate "2016.10.25"]
[SourceVersion "1"]
[SourceVersionDate "2016.10.25"]
[SourceQuality "1"]

1. e4 e5 2. Nf3 Nc6 3. d4 exd4 4. Nxd4 Nf6 5. Nxc6 bxc6 6. e5 Qe7 7. Qe2 Nd5 8. c4 Ba6 9. b3 g6 10. Bb2 Bg7 11. g3 0-0 12. Bg2 Rfe8 13. f4 Rab8 14. Qd2 Nb6 15. 0-0 Bxc4 16. bxc4 Nxc4 0-1

[Event "Mittelfranken-chTB1 0809"]
[Site "Mittelfranken"]
[Date "2009.03.22"]
[Round "8.8"]
[White "Beck, Gerhard"]
[Black "Ackermann, Robert"]
[Result "1-0"]
[WhiteElo "1892"]
[BlackElo "1947"]
[PlyCount "155"]
[EventDate "2008.10.12"]
[EventType "team"]
[EventRounds "9"]
[EventCountry "GER"]
[SourceTitle "EXT 2011"]
[Source "ChessBase"]
[SourceDate "2010.11.26"]
[SourceVersion "1"]
[SourceVersionDate "2010.11.26"]
[SourceQuality "1"]
[WhiteTeam "Fuerth SF"]
[BlackTeam "Nuernberg NT III"]
[WhiteTeamCountry "GER"]
[BlackTeamCountry "GER"]

1. c4 c5 2. Nc3 Nc6 3. g3 Nf6 4. Bg2 g6 5. Nf3 Bg7 6. d3 d6 7. 0-0 0-0 8. Bg5 h6 9. Bd2 a6 10. Rb1 Rb8 11. e4 Bg4 12. h3 Bxf3 13. Qxf3 Nd4 14. Qd1 b5 15. Ne2 bxc4 16. dxc4 e5 17. Kh2 Qd7 18. Nc3 g5 19. Be3 Ne8 20. g4 Nc7 21. f3 Nce6 22. Rf2 f6 23. Bf1 Rf7 24. Qa4 Qxa4 25. Nxa4 Rb4 26. Nc3 Nc7 27. Kg3 Bf8 28. Rh2 Rh7 29. Bd3 Nde6 30. Nd5 Nxd5 31. exd5 Nf4 32. Bxh7+ Kxh7 33. b3 Ng6 34. a3 Rb7 35. b4 f5 36. gxf5 Nh4 37. Rhb2 Rf7 38. bxc5 Rxf5 39. Rf2 dxc5 40. Rb7+ Kg6 41. Rb6+ Kh5 42. Re6 Rf7 43. Bc1 Bd6 44. Kh2 Nf5 45. Kh1 Kh4 46. Bb2 Kg3 47. Rf1 Kxh3 48. Re1 h5 49. Bxe5 Bxe5 50. R6xe5 Ng3+ 51. Kg1 Rxf3 52. d6 Rxa3 53. d7 Ra2 54. R5e2 Nxe2+ 55. Rxe2 Rxe2 56. d8Q Rg2+ 57. Kf1 Rg4 58. Qd5 Rf4+ 59. Ke2 Kg4 60. Qxc5 h4 61. Qg1+ Kf5 62. c5 g4 63. c6 Rc4 64. Qb6 Rc2+ 65. Kd3 Rc1 66. Qxa6 g3 67. c7 Rxc7 68. Qa5+ Kg4 69. Qxc7 Kf3 70. Qc6+ Kf2 71. Qc5+ Kg2 72. Ke3 Kh2 73. Kf3 g2 74. Qf2 h3 75. Qg3+ Kg1 76. Qe1+ Kh2 77. Kf2 g1B+ 78. Qxg1# 1-0

[Event "Mittelfrankenliga-B1 0708"]
[Site "Mittelfranken"]
[Date "2008.04.27"]
[Round "9.7"]
[White "Ackermann, Robert"]
[Black "Pidtoptanyy, Igor"]
[Result "0-1"]
[WhiteElo "1947"]
[BlackElo "1933"]
[PlyCount "56"]
[EventDate "2007.10.14"]
[EventType "team-tourn"]
[EventRounds "9"]
[EventCountry "GER"]
[SourceTitle "EXT 2011"]
[Source "ChessBase"]
[SourceDate "2010.11.26"]
[SourceVersion "1"]
[SourceVersionDate "2010.11.26"]
[SourceQuality "1"]
[WhiteTeam "Nuernberg NT III"]
[BlackTeam "Fuerth SZ"]
[WhiteTeamCountry "GER"]
[BlackTeamCountry "GER"]

1. e3 c5 2. Nf3 Nf6 3. c4 Nc6 4. Nc3 e6 5. d4 d5 6. cxd5 exd5 7. dxc5 Bxc5 8. Bb5 0-0 9. 0-0 Bf5 10. Ne2 Qb6 11. Bd3 Bg4 12. Nc3 Bxf3 13. gxf3 Ne5 14. Be2 Qe6 15. Kh1 Rad8 16. Nb5 Qh3 17. Rg1 Qh4 18. Rg2 a6 19. Nd4 Bxd4 20. exd4 Ng6 21. Bg5 Qh3 22. f4 Rd6 23. Rc1 Qd7 24. Bd3 Ne4 25. Qh5 Qf5 26. Kg1 Nxf4 27. Bxf4 Qxh5 28. Bxd6 Nxd6 0-1

[Event "Hessen-ch Gr-D 62nd"]
[Site "Hanau"]
[Date "2008.03.22"]
[Round "3"]
[White "Hofmann, Thomas"]
[Black "Ackermann, Robert"]
[Result "1-0"]
[WhiteElo "1567"]
[BlackElo "1521"]
[PlyCount "63"]
[EventDate "2008.03.21"]
[EventType "swiss"]
[EventRounds "5"]
[EventCountry "GER"]
[SourceTitle "CBM 123 Extra"]
[Source "ChessBase"]
[SourceDate "2008.05.06"]
[SourceVersion "1"]
[SourceVersionDate "2008.05.06"]
[SourceQuality "1"]

1. e4 e6 2. d4 d5 3. e5 c5 4. c3 Nc6 5. Nf3 cxd4 6. cxd4 Qb6 7. a3 Nge7 8. b4 a6 9. Be2 Bd7 10. 0-0 Ng6 11. Nc3 Be7 12. Be3 0-0 13. Rc1 Qd8 14. Ne1 f6 15. f4 fxe5 16. fxe5 Nh4 17. Rxf8+ Qxf8 18. Nf3 Nf5 19. Qd2 Nxe3 20. Qxe3 Qd8 21. Rf1 b5 22. Bd3 a5 23. Nxb5 axb4 24. axb4 Nxb4 25. Nd6 Ra3 26. Bxh7+ Kxh7 27. Qxa3 Bxd6 28. exd6 Nc6 29. Qd3+ g6 30. Ne5 Be8 31. Qh3+ Kg7 32. Nxc6 1-0

[Event "Hessen-ch Gr-D 62nd"]
[Site "Hanau"]
[Date "2008.03.21"]
[Round "2"]
[White "Ackermann, Robert"]
[Black "Mueller, Klaus4444"]
[Result "1/2-1/2"]
[WhiteElo "1521"]
[BlackElo "1569"]
[PlyCount "73"]
[EventDate "2008.03.21"]
[EventType "swiss"]
[EventRounds "5"]
[EventCountry "GER"]
[SourceTitle "CBM 123 Extra"]
[Source "ChessBase"]
[SourceDate "2008.05.06"]
[SourceVersion "1"]
[SourceVersionDate "2008.05.06"]
[SourceQuality "1"]

1. d4 Nf6 2. Nf3 e6 3. Bg5 h6 4. Bxf6 Qxf6 5. e4 b6 6. e5 Qd8 7. Bd3 Bb7 8. 0-0 c5 9. c3 Be7 10. Nbd2 d5 11. exd6 Bxd6 12. Ne4 0-0 13. Qe2 cxd4 14. cxd4 Be7 15. Rfd1 Nd7 16. Rac1 Nf6 17. Nxf6+ Bxf6 18. Be4 Bd5 19. b3 Qd6 20. Bxd5 Qxd5 21. Qa6 Qd6 22. Rc4 e5 23. d5 Rfe8 24. Rc6 Qd7 25. Qc4 Rac8 26. Rc1 Rxc6 27. dxc6 Qc7 28. Qe4 Re6 29. g3 Be7 30. Nh4 Bxh4 31. gxh4 Rd6 32. Rc2 Rd4 33. Qf5 Rd6 34. Qf3 Rg6+ 35. Kf1 Rf6 36. Qd5 Rd6 37. Qf3 1/2-1/2

[Event "Mittelfrankenliga-B1 0708"]
[Site "Mittelfranken"]
[Date "2008.01.27"]
[Round "5.6"]
[White "Ackermann, Robert"]
[Black "Hofer, Markus"]
[Result "1-0"]
[WhiteElo "1947"]
[BlackElo "1955"]
[PlyCount "81"]
[EventDate "2007.10.14"]
[EventType "team-tourn"]
[EventRounds "9"]
[EventCountry "GER"]
[SourceTitle "EXT 2011"]
[Source "ChessBase"]
[SourceDate "2010.11.26"]
[SourceVersion "1"]
[SourceVersionDate "2010.11.26"]
[SourceQuality "1"]
[WhiteTeam "Nuernberg NT III"]
[BlackTeam "Buechenbach/Roth"]
[WhiteTeamCountry "GER"]
[BlackTeamCountry "GER"]

1. e3 d5 2. c4 e6 3. Nc3 Nf6 4. Nf3 c6 5. b3 Bd6 6. Bb2 0-0 7. Rc1 Nbd7 8. cxd5 exd5 9. Bd3 Re8 10. 0-0 Ne5 11. Nxe5 Bxe5 12. f4 Bd6 13. Ne2 Ne4 14. Qc2 Qh4 15. Nd4 Bg4 16. Nf3 Qh5 17. Bxe4 dxe4 18. Ne5 Be2 19. Rf2 f6 20. Re1 fxe5 21. Rexe2 exf4 22. exf4 Bc5 23. Re3 Bxe3 24. dxe3 Rad8 25. Rd2 Rxd2 26. Qxd2 Qd5 27. Qc3 Re7 28. h3 Rd7 29. Kh2 h5 30. Ba3 b6 31. Qb4 c5 32. Qb5 Kh7 33. Qe2 Qd1 34. Qf2 Rd2 35. Qh4 Qe2 36. Qg5 Rd6 37. Qf5+ Rg6 38. Qxe4 Qxa2 39. f5 Rg5 40. f6+ g6 41. Qe7+ 1-0